000 01477cam a22003974i 4500
003 PE-LiUPU
005 20250731183415.0
008 150623s1979 ilu rb 000 0 eng d
020 _a0891910743
035 _a(Sirsi) i9780891910749
040 _aPE-LiUPU
_bspa
_cPE-LiUPU
_dPE-LiUPU
_erda
049 _aPRUA
082 0 4 _a796.01
_bW26
_221
100 1 _aWarner, Gary,
_eautor.
245 1 0 _aCompetition /
_cGary Warner.
264 1 _aElgin, Illinois :
_bDavid C. Cook Publishing,
_c1979.
300 _a372 páginas ;
_c21 centímetros
336 _atext
_2rdacontent
337 _aunmediated
_2rdamedia
338 _avolume
_2rdacarrier
504 _aIncluye bibliografía.
505 0 _aA personal odyssey -- The benefits of competition -- The dangers of competition -- The models -- Where it makes a difference.
526 _aP158
526 _aP146
526 _aP17
526 _aP12
526 _aP06
650 0 4 _aCompetencias (Psicología).
650 0 4 _aDeportes
_xAspectos psicológicos.
942 _2ddc
_cBOOK
949 _a796.01 W26
_wDEWEY
_c1
_i51616
_lCCODEBUL1
_mBUL
_p5.00
_r0
_sY
_tBOOK
_u2015-6-24
_xTEOLOGIA
_PP35
_0COMPRA
_o.STAFF. Colección General
994 _aC0
_bPEPRU
596 _a1
999 _a796.01 W26
_wDEWEY
_c33347
_i51616
_f2021-11-12
_g5
_lCCODEBUL1
_mBUL
_p5.00
_r0
_sY
_tBOOK
_u2015-6-24
_xTEOLOGIA
_PP35
_0COMPRA
_o.STAFF. Colección Teología
_d33347
980 _81
_gALBERTO SANCHEZ Responsable de Automatización